Estadística para las ciencias sociales

Bibliographic Details
Main Author: Ritchey, Ferris J
Format: Section = Libro
Language:Undetermined
Spanish
Published: México McGraw-Hill 2008
Edition:2a.ed.
Subjects:
LEADER 00525nam a2200205Ia 4500
008 240830s9999 xx 000 0 und d
020 |a 978-970-10-6699-7 
040 |a CEDOC FIQ-RUSB / 310 R598 
041 |a spa 
082 |a 310 R598 
100 1 |a Ritchey, Ferris J 
245 1 0 |a Estadística para las ciencias sociales 
250 |a 2a.ed. 
260 |a México  |b McGraw-Hill  |c 2008 
300 |a 665 p. :il 
650 7 |a CIENCIAS SOCIALES 
650 7 |b  METODOS ESTADISTICOS 
942 |c BK  |2 ddc 
991 |a TEXTO 
999 |c 13227